000 00641nam a2200193Ia 4500
003 GCL
008 140319s9999 xx 000 0 ara d
040 _aGCL /
_cGCL
082 0 4 _a843
_bس ق
100 1 _aسانتينى، باولا
245 1 0 _aقافلة الصحراء /
_cسانتينى، باولا
260 _a[S.N] :
_bدار الراتب الجامعية
300 _a127
490 _aسلسلة روايات سوفنير الرومانسية
_v0
650 0 4 _aالادب الفرنسى
650 0 4 _aالادب الفرنسى المترجم
650 0 4 _aالقصص الفرنسية المترجمة
942 _2ddc
_cBK
999 _c33723
_d33723